YOL GÖSTERİCİ KUTSAL KİTAPLAR (Kayıt no. 1002043)

MARC ayrıntıları
000 -LEADER
sabit uzunluktaki kontrol alanı 00252nam a2200097Ia 4500
001 - KONTROL NUMARASI
kontrol alanı 1002043
005 - EN SON İŞLEMİN TARİH VE ZAMANI
kontrol alanı 20250826230422.0
008 - SABİT-UZUNLUKTA VERİ ÖĞELERİ--GENEL BİLGİ
sabit uzunluktaki kontrol alanı 250824s9999 xx 000 0 und d
245 #0 - ESER / YAZAR
ESER ADI YOL GÖSTERİCİ KUTSAL KİTAPLAR
Yazar Adı HATİCE DEMİRDAĞ
260 ## - YAYIN, DAĞITIM, VB.
YAYIN EVİ DİB
Mevcut
Düşüm durumu Kayıp durumu Hasar Durumu Ödünç verilmez Ana kütüphane Geçerli Kütüphane Edinilen tarih Toplam ödünç verme sayısı Barkod Son görüntüleme tarihi Fiyatın geçerli olmaya başladığı tarih Koha materyal türü
        ZELİHA LÜTFİ KULLUK İLKOKULU ZELİHA LÜTFİ KULLUK İLKOKULU 24.08.2025   10164964 26.08.2025 26.08.2025 Kitaplar
Gemini Bilgi Teknolojileri A.Ş. tarafından düzenlenmiştir.